000 00311nam a2200133Ia 4500
008 190216s9999||||xx |||||||||||||| ||und||
100 _aKenneth L Hughes
245 0 _aLearn Pagemaker 5.0 In A Day
250 _a1st Ed.
260 _bBpb Publications
_c1994
300 _a127
650 _aComputer
942 _cBK
999 _c8639
_d8639